Les villes fictives en France - Statistiques

Statistiques générales
  • Ce quiz a été pris 12 fois
  • Le résultat moyen est 2 sur 38
Statistiques - réponses
Indices Ville % Correct
Cinéma - Tuche - Maison Bouzolles
55%
Proust - Enfance - Illiers Combray
27%
Télévision - Canal+ - Groland Groville
18%
Simenon - Maigret - Enfance Saint-Fiacre
18%
Proust - Station balnéaire - Normandie Balbec
9%
Comédie musicale - Plamendon - Starmania Monopolis
9%
Molière - Monsieur - Limousin Pourceaugnac
9%
Fleming - Le Touquet - 007 Royale
9%
Flaubert - Bovary - Normandie Yonville
9%
Dupa - Chien - Cubitus Aubonne-Mer
0%
Weber - Fourmilière - Fontainebleau Bel-o-kan
0%
Franquin - Spirou - Comte Champignac-en-Cambrousse
0%
Cinéma - Leconte - Miss Charmoussey
0%
Chevallier - Beaujolais - Vespasienne Clochemerle
0%
Rivière-Pinchon - Bécassine - Naissance Clocher-les-Bécasses
0%
Chaulet - Fantômette - Région parisienne Framboisy
0%
Christophe - Sapeur Camembert - Est Gleux-lès-Lure
0%
Série - Commissaire - Genest Les Clairières
0%
Pergaud - Franche-Comté - Boutons Longeverne
0%
Passa - Pyrénées - Celte Mirmanda
0%
Cinéma - De Funès - Braconnier Montpaillard
0%
Daudet - Monastère - Coings Pampérigouste
0%
Zola - Conquête - Rougon-Macquart Plassans
0%
Série - Lhermitte - Bretagne Port-Garrec
0%
Série - Nord - Spiesser Saignac
0%
Giono - Roi - Château Saint-Baudille
0%
Cinéma - Deneuve - Ozon Sainte-Gudule
0%
Cinéma - Corbeau - Boisset Saint-Meyrand
0%
Aragon - Beaux quartiers - Provence Sérianne
0%
Cinéma - Tati - Playtime Tativille
0%
Cinéma - Gabin - Primate Tigreville
0%
Cinéma - Verneuil - 5 fils Trézignan
0%
Cinéma - Dewaere - Football Trincamp
0%
Série - 2002 - Chalet Valmoline
0%
Hergé - Tintin - Haute-Savoie Vargèse
0%
Pergaud - Franche-Comté - Boutons Velrans
0%
Série - Guerre - Jura Villeneuve
0%
Légende - Celte - Bretagne Ys
0%
Aucun quiz correspondant
Distribution des résultats
% des personnes avec chaque résultat
Percentile par nombre de réponses
Votre historique - résultats
Vous n’avez pas pris ce quiz